Responses for Show #7169 - Thursday, November 12, 2015

2015 Tournament of Champions quarterfinal game 4.

Contestants

[<< previous game]

Elliot Yates, an opera producer from New York, New York

Andrew Haringer, a college instructor from Squamish, British Columbia, Canada

Kerry Greene, a volunteer CASA guardian ad litem from Manchester, New Hampshire

[next game >>]

Jeopardy! Round responses

ENTERTAINING UNCLES
LITERARY STRUCTURE
FROM THE LATIN FOR...
ADS & TAGLINES
(Alex: And finally, you want to identify two islands as we go...)
ISLAND HOPPING
CALIFORNIA WINE
(Sarah: ...from the Department of Viticulture and Enology at UC Davis, which helped restart the industry after Prohibition and continues to keep it strong.)
    $200 23
The Dukes of Hazzard

Andrew
    $200 10
Bilbo Baggins

Andrew
    $200 30
(Alex: [*] is right, and you are out of the hole!)
[Cheers and applause; Elliot raises an arm in victory]

interim

Elliot
    $200 29
McDonald's

Kerry
    $200 21
(Andrew: What is the--what are the Hawaiian Islands?)
(Alex: No.)
(Andrew: Oh, what is--what is, uh... Oahu and--)
[The time's-up signal sounds.]
(Alex: Sorry, you took too long.)

Hawaii & Oahu

KerryAndrew
    $200 5
(Kerry: What is Bordeaux?)
(Andrew: What is Sonoma?)

Paris

KerryAndrew
Triple Stumper
    $400 24
(John) Stamos

Kerry
    $400 11
221B

Andrew
    $400 17
(Elliot: Thank God.)

a forum

Elliot
    $400 28
BMW

Elliot
    $400 22
Britain to Ireland

Andrew
    $400 4
sugar

Kerry
    $600 25
Seinfeld

Elliot
    $1,000 12
the pyramid

Andrew
    $600 20
pulmonary

Andrew
    $600 9
FedEx

Andrew
    $600 6
the North & South Islands of New Zealand

Kerry
    $600 1
(Elliot: What is pasteurization?)

filtration

Elliot
Triple Stumper
    $800 27
Uncle Junior

Triple Stumper
    $800 13
Rebecca

Andrew
    $800 19
stimulus

Andrew
    $800 15
(Kerry: What is Payless Shoes?)
...
(Alex: You three have so much money, you don't shop at [*] anymore, do you?)

Target

Kerry
Triple Stumper
    $800 7
Greenland & Iceland

Kerry
    $800 2
an aphid

Kerry
    $1000 26
(Vernon) Dursley

Kerry
    $1000 14
House of the Seven Gables

Kerry
    $1000 18
(Kerry: What is purgatory?)

limbo

KerryElliot
    $1000 16
(Alex: Ah, you're all too young, I guess, to remember [*].)

Schlitz

Triple Stumper
    $1000 8
(Elliot: What is Papua New Guinea to the Philippines?)
(Andrew: [Sighs] What is New Guinea to the Philippines?)
...
(Alex: There are a lot of islands in the Philippines.)

New Guinea to Luzon

AndrewElliot
Triple Stumper
    $1000 3
(Elliot: What is providence?)

terroir

KerryElliot

Scores at the first commercial break (after clue 12):

Kerry Andrew Elliot
$3,400 $1,000 -$2,600

Scores at the end of the Jeopardy! Round:

Kerry Andrew Elliot
$4,400 $3,600 $0

Double Jeopardy! Round responses

PEOPLE
BOOKS ABOUT POLITICS
"WHAT" MOVIE?
19th CENTURY AMERICA
THINKING
OUTSIDE THE BACHS
    $400 13
Jenner

Andrew
    $400 18
Camelot

Kerry
    $400 19
What Happens in Vegas

Elliot
    $400 17
the Erie Canal

Andrew
    $400 26
a brainstorming session

Elliot
    $400 14
the Schumanns

Elliot
    $800 21
Netanyahu

Kerry
    $800 22
Sadat & Begin

Kerry
    $800 2
(Andrew: What is, uh, Who's Afraid of Baby Jane?)

What Ever Happened to Baby Jane?

AndrewElliot
    $4,000 12
(Alex: [*], he got Alaska for us, yes, indeed. And he tried to get these others. Well done.)

Seward

Kerry
    $800 27
deliberate

Andrew
    $800 16
a requiem

Andrew
    $1200 8
(Michael) Milken

Kerry
    $1200 23
(Gary) Hart

Andrew
    $1200 4
What Women Want

Andrew
    $1200 11
(Andrew: Who is Joseph Smith?)

Brigham Young

KerryAndrew
    $1200 28
Muse

Triple Stumper
    $1200 15
Goethe

Andrew
    $1600 9
Malala Yousafzai

Elliot
    $1600 24
Leon Panetta

Triple Stumper
    $1600 3
I Know What You Did Last Summer

Kerry
    $1600 6
Perry

Andrew
    $1600 29
contemplate

Kerry
    $4,000 5
"Water Music"

Andrew
    $2000 20
(Kerry: Who is von Fustenberg?)
...
(Alex: There's an "R" in there. )

Diane von Furstenberg

Kerry
Triple Stumper
    $2000 25
Thomas Menino

Triple Stumper
    $2000 1
What's Eating Gilbert Grape

Kerry
    $2000 7
Knights of Columbus

Kerry
    $2000 30
brood

Andrew
    $2000 10
(Camille) Saint-Saens

Andrew

Scores at the end of the Double Jeopardy! Round:

Kerry Andrew Elliot
$18,000 $17,200 $3,600

Final Jeopardy! Round responses

ARTISTS' SUBJECTS
(Alex: In the painting, she was not seen full face-on. She was seen in profile.)
ElliotWhat is Whistler's mother?
$3,600
AndrewWhat is Arrang Whistler's Mother? Arrangement in Gray and black
$2,200
KerryWhat is Whistler's MM^other?
$4,000
Whistler's Mother (Arrangement in Grey and Black No. 1)

Final scores:

Kerry Andrew Elliot
$22,000 $19,400 $7,200
Automatic semifinalist 2nd place: $5,000 if eliminated 3rd place: $5,000 if eliminated

Game dynamics:

Coryat scores:

Kerry Andrew Elliot
$14,800 $14,400 $3,600
20 R
(including 1 DD),
4 W
20 R
(including 2 DDs),
5 W
10 R,
3 W

Combined Coryat: $32,800

[game clues] [game scores] [suggest correction]

Game tape date: 2015-10-13
The J! Archive is created by fans, for fans. Scraping, republication, monetization, and malicious use prohibited; this site may use cookies and collect identifying information. See terms. The Jeopardy! game show and all elements thereof, including but not limited to copyright and trademark thereto, are the property of Jeopardy Productions, Inc. and are protected under law. This website is not affiliated with, sponsored by, or operated by Jeopardy Productions, Inc. Join the discussion at JBoard.tv.